[Event "Challenge"]
[Site "http://www.queenalice.com/game.php?id=757386"]
[Date "2010.4.6"]
[Round "-"]
[White "Chrisader"]
[Black "jadetiger7"]
[Result "0-1"]
[WhiteElo "1607"]
[BlackElo "1787"]

1. e4 e5 2. Nf3 Nc6 3. d4 d6 4. Be3 g6 5. Bd3 Bg7 6. c3 f5 7. Qc2 Nge7 8. Bg5
O-O 9. Qb3+ Kh8 10. Nbd2 h6 11. Bxe7 Qxe7 12. exf5 gxf5 13. O-O e4 14. Nh4 Qxh4
15. Bc4 h5 16. h3 Bh6 17. Qd1 e3 18. Nf3 exf2+ 19. Rxf2 Qg3 20. d5 Be3 21. Qe2
Bxf2+ 22. Qxf2 Qf4 23. Bd3 Ne5 24. Qd4 Qxd4+ 25. cxd4 Nxf3+ 26. gxf3 Rg8+ 27.
Kf2 f4 28. h4 Bh3 29. Bf1 Rg3 30. Rc1 Re8 31. Re1 Reg8 32. Re4 Bxf1 33. Kxf1
Rxf3+ 34. Ke2 Rgg3 35. Re8+ Kg7 36. Re7+ Kf6 37. Rxc7 Kf5 38. Rc3 Re3+ 39. Rxe3
fxe3 40. b4 Ke4 41. a4 Rg2+ 42. Kd1 Kd3 43. Kc1 e2 44. Kb2 e1=Q+ 45. Kb3 Qc3#
0-1

[Event "Challenge"]
[Site "http://www.queenalice.com/game.php?id=757387"]
[Date "2010.4.6"]
[Round "-"]
[White "jadetiger7"]
[Black "Chrisader"]
[Result "1-0"]
[WhiteElo "1763"]
[BlackElo "1500"]

1. e4 e5 2. Nf3 Nc6 3. d4 d5 4. Bb5 Bd7 5. Bxc6 Bxc6 6. exd5 Bxd5 7. dxe5 Bc5 8.
O-O f6 9. Re1 Ne7 10. exf6 gxf6 11. Nc3 c6 12. Nd4 Bxd4 13. Qxd4 Qb6 14. Qxf6
O-O-O 15. Rxe7 Rhf8 16. Qh4 Rde8 17. Nxd5 Qc5 18. Rxe8+ Rxe8 19. Qg4+ Kb8 20.
Bf4+ Ka8 21. Nc7+ Kb8 22. Nxe8+ Ka8 23. Qc8# 1-0

[Event "CSI INVESTIGAÇAO CRIMINAL IV"]
[Site "http://www.queenalice.com/game.php?id=757777"]
[Date "2010.4.7"]
[Round "-"]
[White "rogeriooliveira"]
[Black "Chrisader"]
[Result "0-1"]
[WhiteElo "1426"]
[BlackElo "1587"]

1. e4 e5 2. d4 d5 3. dxe5 dxe4 4. Nc3 Bf5 5. Qxd8+ Kxd8 6. Bg5+ f6 7. Be3 fxe5
8. Bg5+ Be7 9. Bxe7+ Nxe7 10. O-O-O+ Nd7 11. Bb5 a6 12. Bxd7 Bxd7 13. Nxe4 c6
14. Nf3 Nd5 15. Rhe1 Kc7 16. Nxe5 Rae8 17. Nxd7 Kxd7 18. Nc5+ Kc7 19. Ne6+ Kd6
20. Nxg7 Re5 21. Rxe5 Kxe5 22. Nh5 Rf8 23. Ng7 Rxf2 24. Re1+ Kd6 25. Rg1 Kc5 26.
c3 b5 27. Ne6+ Kc4 28. b3+ Kxc3 29. Nc5 Rxa2 30. h4 Ra1# 0-1

[Event "AK III"]
[Site "http://www.queenalice.com/game.php?id=763519"]
[Date "2010.4.19"]
[Round "-"]
[White "perucona"]
[Black "Chrisader"]
[Result "0-1"]
[WhiteElo "1590"]
[BlackElo "1580"]

1. e4 e5 2. d4 Nf6 3. d5 Nxe4 4. f3 Nf2 5. Kxf2 Qh4+ 6. g3 Bc5+ 7. Be3 Bxe3+ 8.
Kxe3 Qb4 9. b3 b6 10. a3 Qc5+ 11. Ke4 Bb7 12. Kxe5 Qe3+ 13. Kf5 O-O 14. Nd2 Bxd5
15. Nh3 Nc6 16. Nc4 Ne7+ 17. Kg4 Be6+ 18. Kh4 Qh6# 0-1

[Event "Challenge"]
[Site "http://www.queenalice.com/game.php?id=765635"]
[Date "2010.4.24"]
[Round "-"]
[White "jadetiger7"]
[Black "Chrisader"]
[Result "0-1"]
[WhiteElo "1787"]
[BlackElo "1512"]

1. e4 e5 2. Nf3 Nc6 3. d4 d6 4. Bc4 Qf6 5. Bg5 Qg6 6. Bd5 Nxd4 7. Be3 Qxg2 8.
Rg1 Nxf3+ 9. Ke2 Nxg1+ 10. Ke1 Bg4 11. Qd3 Qxh2 12. Bxb7 Rb8 13. Bc6+ Bd7 14.
Bxa7 Rxb2 15. Bxd7+ Kxd7 0-1

[Event "Challenge"]
[Site "http://www.queenalice.com/game.php?id=766571"]
[Date "2010.4.26"]
[Round "-"]
[White "Samelo"]
[Black "Chrisader"]
[Result "1-0"]
[WhiteElo "1734"]
[BlackElo "1547"]

1. d4 d5 2. Nf3 Na6 3. Bf4 Bf5 4. e3 e6 5. Bxa6 Nf6 6. Bxb7 Qb8 7. Bxa8 Qxb2 8.
Bc6+ Nd7 9. Nbd2 Bb4 10. O-O O-O 11. Bxd7 Bxc2 12. Qc1 Qc3 13. Re1 Ba3 14. Nb1
Qxa1 15. Qxc2 Bb4 16. Rd1 h6 17. Nfd2 Rd8 18. Nb3 Qxb1 19. Rxb1 Rxd7 20. Nc5 Re7
21. Rxb4 g5 22. Rb8+ Kg7 23. Bg3 f5 24. Nxe6+ Rxe6 25. Qxc7+ Kg6 26. Rg8+ Kh5
27. Qf7+ Kg4 28. f3# 1-0

[Event "Challenge"]
[Site "http://www.queenalice.com/game.php?id=767220"]
[Date "2010.4.27"]
[Round "-"]
[White "Chrisader"]
[Black "strontcan"]
[Result "0-1"]
[WhiteElo "1626"]
[BlackElo "1605"]

1. e4 c6 2. Nc3 d5 3. d4 dxe4 4. Nxe4 Bf5 5. Qf3 e6 6. c3 Nf6 7. Bd3 Bxe4 8.
Bxe4 Be7 9. Qg3 Nxe4 10. Qxg7 Bf6 11. Qg4 Ng5 12. Nf3 Nd7 13. Bxg5 Bxg5 14. Nxg5
Rg8 15. h4 h6 16. Nxf7 Rxg4 17. Nxd8 Kxd8 18. f3 Rxg2 19. O-O-O Kc7 20. Rhg1
Rag8 21. Rge1 Kd6 0-1

[Event "Challenge"]
[Site "http://www.queenalice.com/game.php?id=771472"]
[Date "2010.5.6"]
[Round "-"]
[White "Chrisader"]
[Black "aknightout"]
[Result "0-1"]
[WhiteElo "1591"]
[BlackElo "1941"]

1. e4 e5 2. Nf3 Nc6 3. Bc4 Be7 4. d3 Nf6 5. Be3 d6 6. Ng5 O-O 7. Nc3 Ng4 8. h4
Nd4 9. Nb5 Nxb5 10. Bxb5 Nxe3 11. fxe3 Bxg5 12. hxg5 Qxg5 13. Qf3 Bg4 14. Qf2 a5
15. Qh4 Qxe3+ 16. Kf1 Be2+ 17. Ke1 Bf3+ 18. Kf1 Qe2+ 19. Kg1 Qxg2# 0-1

[Event "In Defense of King"]
[Site "http://www.queenalice.com/game.php?id=777804"]
[Date "2010.5.19"]
[Round "-"]
[White "Diogolopes"]
[Black "Chrisader"]
[Result "1-0"]
[WhiteElo "1050"]
[BlackElo "1446"]

1. d4 d5 2. e3 Nf6 3. c3 b6 4. Qd3 g6 5. h4 Bf5 6. Qb5+ c6 7. Qa4 b5 8. Qb3 e6
9. a4 a6 10. axb5 cxb5 11. Nd2 Bd6 12. Ndf3 Ne4 13. Ng5 O-O 14. N1f3 Nc6 15. h5
gxh5 16. Rxh5 Bg4 17. Rh4 1-0

[Event "Challenge"]
[Site "http://www.queenalice.com/game.php?id=780492"]
[Date "2010.5.25"]
[Round "-"]
[White "twmoore"]
[Black "Chrisader"]
[Result "1-0"]
[WhiteElo "1500"]
[BlackElo "1604"]

1. e4 e5 2. Nf3 Nc6 3. Nc3 Nf6 4. Bc4 a6 5. d3 h6 6. O-O b5 7. Bb3 Bb7 8. h3 d6
9. Nd5 Nd4 10. Nxd4 exd4 11. Qf3 1-0

[Event "Challenge"]
[Site "http://www.queenalice.com/game.php?id=781385"]
[Date "2010.5.27"]
[Round "-"]
[White "RAFAELI"]
[Black "Chrisader"]
[Result "1-0"]
[WhiteElo "1582"]
[BlackElo "1515"]

1. e4 e5 2. Qh5 Nc6 3. Bc4 g6 4. Qf3 Qf6 5. Qb3 Na5 6. Qc3 Qb6 7. Qxe5+ Ne7 8.
Qxh8 Nxc4 9. d3 Nxb2 10. Bxb2 d6 11. Bg7 Qb4+ 12. Nc3 1-0

[Event "Challenge"]
[Site "http://www.queenalice.com/game.php?id=782311"]
[Date "2010.5.29"]
[Round "-"]
[White "Chrisader"]
[Black "Vladimir"]
[Result "0-1"]
[WhiteElo "1496"]
[BlackElo "1688"]

1. e4 e5 2. Nf3 Nc6 3. c3 Nf6 4. Bd3 d5 5. Qa4 Bg4 6. h3 Bxf3 7. gxf3 dxe4 8.
fxe4 a6 9. c4 Bc5 10. Nc3 O-O 11. Qd1 Qxd3 12. Qe2 Qd4 13. d3 Bb4 0-1